00629 2200253 4500001002100000005001700021008004100038020001800079035002400097082001100121090002100132100001500153245003800168250001100206260002800217300002400245650002300269850001700292980001500309985000600324999001500330999001500345999001500360YOGYA-0209000006713820090227091939.0 ind  a979-403-924-1 0010-020900000067138 a028.55 a028.55bWol BlK aWOLF, Tony aBello naik balon udaracTony Wolf aCet. 1 aJakartabGramediac1990 a28 hlmbilusc16 cm aBacaan kanak-kanak aYOPDYOG(JSC) a16-12-2008 a3 a95P0061123 a95P0071205 a95P0071206